000
00232nam a2200097Ia 4500
008
240331s9999 xx 000 0 und d
082
_b
GLO
100
_a
Daluwatte,S. ed
245
0
_a
Glossary :
_b
Gender Development Labour
942
_c
L
999
_c
5805
_d
5805